Psicología social / (Record no. 148172)

MARC details
000 -LEADER
campo de control de longitud fija 00786nam a2200229 4500
001 - NÚMERO DE CONTROL
campo de control 148172
003 - IDENTIFICADOR DE NÚMERO DE CONTROL
campo de control ES-MaACL
005 - FECHA Y HORA DE LA ÚLTIMA TRANSACCIÓN
campo de control 20250822035249.0
007 - CAMPO FIJO DE DESCRIPCIÓN FÍSICA--INFORMACIÓN GENERAL
campo de control de longitud fija t|
008 - DATOS DE LONGITUD FIJA--INFORMACIÓN GENERAL
campo de control de longitud fija 070214s1966 sp r ||||1| spa d
100 1# - ENTRADA PRINCIPAL--NOMBRE DE PERSONA
Nombre de persona Stoetzel, Jean.
9 (RLIN) 108270
245 10 - MENCIÓN DEL TÍTULO
Título Psicología social /
Mención de responsabilidad, etc. Jean Stoetzel ; introducción por el Dr. José Germain ; prólogo por el Dr. José L. Pinillos ; versión española por Juan Díaz Terol.
250 ## - MENCION DE EDICION
Mención de edición 2ª ed.
260 ## - PUBLICACIÓN, DISTRIBUCIÓN, ETC.
Lugar de publicación, distribución, etc. Alcoy (Alicante) :
Nombre del editor, distribuidor, etc. Marfil,
Fecha de publicación, distribución, etc. 1966.
300 ## - DESCRIPCIÓN FÍSICA
Extensión 268 p. :
Otras características físicas mapas ;
Dimensiones 21 cm.
650 #7 - PUNTO DE ACCESO ADICIONAL DE MATERIA--TÉRMINO DE MATERIA
Término de materia o nombre geográfico como elemento de entrada Psicología social
Fuente del encabezamiento o término embne
9 (RLIN) 16573
700 1# - ENTRADA AGREGADA--NOMBRE PERSONAL
Nombre de persona Germain, José (
Fechas asociadas al nombre 1897-1986)
9 (RLIN) 170494
700 1# - ENTRADA AGREGADA--NOMBRE PERSONAL
Nombre de persona Pinillos, José Luis.
9 (RLIN) 92143
700 1# - ENTRADA AGREGADA--NOMBRE PERSONAL
Nombre de persona Díaz Terol, Juan.
9 (RLIN) 44436
852 4# - LOCALIZACIÓN
Ubicación ES-MaACL
Número de control de estantería C-31302
Holdings
Estatus retirado Estado de pérdida Estado de daño No para préstamo Biblioteca de origen Biblioteca actual Ubicación en estantería Fecha de adquisición Fuente de adquisición Total de préstamos Signatura topográfica completa Código de barras Visto por última vez Precio de reemplazo Tipo de ítem Koha
        Biblioteca del Ateneo de Madrid Biblioteca del Ateneo de Madrid Depósito 2 17/01/2008     C-31302 1154632 23/02/2023 23/02/2023 Libro impreso